Responses for Show #4335 - Friday, June 6, 2003

Jim Stalley game 3.

Contestants

[<< previous game]

Karen Madigan, an educational assistant from Cheyenne, Wyoming

Chris Pyle, a teacher from Cimarron, Kansas

Jim Stalley, a crime data specialist from Denver, Colorado (whose 2-day cash winnings total $36,900)

[next game >>]

Jeopardy! Round responses

WEATHER WORLD
ON THE COVER OF SGT. PEPPER
CLOTHING WORDS
MY PLACE?
IT'S A DATE!
(Alex: Your response for each clue in this category is a date on the calendar.)
"J" WHIZ
(Alex: Not "G" WHIZ.)
    $200 1
Sahara

Karen
    $200 2
Dr. Livingstone

Jim
    $200 13
tie

Jim
    $200 8
castle

Karen
    $200 9
February 29 (for a leap year)

Jim
    $200 16
junket

Karen
    $400 3
trade winds

Jim
    $400 7
Dylan Thomas

Chris
    $400 21
slip

Karen
    $400 27
van

Chris
    $400 14
December 7

Karen
    $400 17
jamboree

Karen
    $600 4
rainy season

Jim
    $600 10
Marlon Brando

Chris
    $600 22
pants

Karen
    $600 28
wigwams

Chris
    $600 15
February 14

Chris
    $600 18
Jerusalem

Jim
    $800 5
(Jim: What is Kansas?)
(Karen: What is Oklahoma?)
(Chris: What is Arkansas?)

Texas

JimChrisKaren
Triple Stumper
    $800 11
Stu Sutcliffe

Triple Stumper
    $800 23
coat

Chris
    $800 29
(Karen: What are estancias?)

haciendas

Karen
Triple Stumper
    $800 25
May 1

Karen
    $800 19
Jane Eyre

Triple Stumper
    $1,000 6
Snowy

Jim
    $1000 12
Karl Marx

Chris
    $1000 24
(Alex: We have less than a minute to go.)

socks (or belts)

Triple Stumper
    $1000 30
yurt

Jim
    $1000 26
July 1

Jim
    $1000 20
Justinian I

Triple Stumper

Scores at the first commercial break (after clue 15):

Jim Chris Karen
$1,800 $1,800 $0

Scores at the end of the Jeopardy! Round:

Jim Chris Karen
$4,400 $3,600 $1,600

Double Jeopardy! Round responses

PLAYWRIGHTS
THE 1890s
AMERICAN NICKNAMES
"S"-OTERICA
VIETNAM
TOUR OF JUDY
    $400 6
Tennessee Williams

Triple Stumper
    $400 26
king

Triple Stumper
    $400 14
Annie Oakley

Chris
    $400 1
sitcom

Chris
    $400 19
Ho Chi Minh City (formerly Saigon)

Jim
    $400 8
Judy Garland

Chris
    $800 7
August Wilson

Triple Stumper
    $800 27
(Jim: What is The Invisible Man?)

Frankenstein (created in 1818)

Jim
Triple Stumper
    $1,500 15
(Alex: Yes, indeed!)
....
(Chris: My daughter just did an essay on him the night before!)

George Washington Carver

Chris
    $800 2
southpaw

Chris
    $6,800 20
(Alex: China and Cambodia both begin with "C".)

Laos

Jim
    $800 9
Judy Jetson

Chris
    $1200 13
Jonathan Larson

Triple Stumper
    $1200 28
(Chris: What is her mother?)
(Karen: What is her daughter?)
(Jim: Who is her stepmother?)
...
[The end-of-round signal sounds.]

stepdaughter

JimChrisKaren
Triple Stumper
    $1200 16
Howard Hughes

Chris
    $1200 3
a shoestring catch

Chris
    $1200 21
the Mekong

Karen
    $1200 10
Judy Davis

Karen
    $1600 24
(Alex: Less than a minute to go.)

Peter & Anthony Shaffer

Triple Stumper
    $1600 17
Robert Taft

Triple Stumper
    $1600 4
Seattle

Chris
    $1600 22
the South China Sea

Jim
    $1600 11
Judy Holliday

Karen
    $2000 25
(Jim: Who is Dostoevsky?)

Alexander Pushkin

JimChris
    $2000 18
Poor Little Rich Girl

Jim
    $2000 5
Scared Straight!

Chris
    $2000 23
Da Nang

Jim
    $2000 12
Judy Woodruff

Karen

Scores at the end of the Double Jeopardy! Round:

Jim Chris Karen
$13,200 $14,700 $6,400

[wagering suggestions for these scores]

Final Jeopardy! Round responses

CANDY
KarenWhat is Jolly Rancher?
$0
JimWhat is Jolly Rancher?
$13,000
ChrisWhat is Cadbury
$12,000
Jolly Rancher

Final scores:

Jim Chris Karen
$26,200 $2,700 $6,400
3-day champion: $63,100 3rd place: $1,000 2nd place: $2,000

Game dynamics:

Coryat scores:

Jim Chris Karen
$7,200 $14,000 $6,400
14 R
(including 2 DDs),
4 W
18 R
(including 1 DD),
2 W
12 R,
3 W

Combined Coryat: $27,600

[game clues] [game scores] [suggest correction]

Game tape date: 2003-02-18
The J! Archive is created by fans, for fans. Scraping, republication, monetization, and malicious use prohibited; this site may use cookies and collect identifying information. See terms. The Jeopardy! game show and all elements thereof, including but not limited to copyright and trademark thereto, are the property of Jeopardy Productions, Inc. and are protected under law. This website is not affiliated with, sponsored by, or operated by Jeopardy Productions, Inc. Join the discussion at JBoard.tv.